000 01192nam a2200325 i 4500
003 DO-SdBNP
005 20260321073644.0
007 ta
008 210907b 2019 dr 00| 0 eng d
020 _a9789945503494
040 _aDO-SdBNP
_bspa
_cBNPHU
_erda
082 4 _aRD863.44
_bB742m, 2019
_222
100 1 _a Bosch, Juan,
_d1909-2001
_eautor
_4aut.
_976555
245 1 0 _aMás cuentos escritos en el exilio :
_bapuntes sobre el arte de escribir cuentos /
_cJuan Bosch ; prólogo, Eduardo Selman Hasbún
264 4 _aSanto Domingo :
_bEditora Nacional,
_c2019.
300 _axviii, 271 páginas ;
_c19 cm.
336 _atexto
_btxt
_2rdacontent
337 _asin mediación
_bn
_2rdamedia
338 _avolumen
_bnc
_2rdacarrier
490 1 _aBiblioteca dominicana básica ;
_v16
490 _aNarrativa
500 _aIncluye datos biográficos del autor en las solapas
590 _aInventariado, 2021/BT
650 4 _aCuentos dominicanos
650 4 _aLiteratura dominicana
700 1 _aSelman Hasbún, Eduardo,
_epróloguista
_964238
_4pr.
830 0 _nBiblioteca dominicana básica; 16
_pNarrativa
_979779
910 _aBtavárez/Validado. Control de calidad MFF
942 _2ddc
_cLBS1
999 _c50436
_d50436